000 00842nam a2200205 a 4500
001 BRCA_865
005 20190320203202.0
008 920723s1991 sp-a---###---#000-0cspa-d
020 _a8440486111
040 _aNCorniM
_cNCorniM
_dDLC
050 4 _aNK5205.R4
_b.R43 1991
245 1 0 _aReal Fábrica de Cristales
_btecnología y arte del vidrio en el siglo XVIII.
260 _aSan Ildefonso, Segovia
_bFundación Centro Nacional del Vidrio : Real Fábrica de Cristales de la Granja
_c1991
300 _a126 p.
_bil. (algunas a color)
_c30 cm.
500 _aCatálogo de la exposición ´vidrio de la granja 1988-1989´
610 2 4 _aReal Fábrica de Cristales de San Ildefonso
_vExposiciones
_92885
650 1 4 _aFabricación del vidrio
_ySiglo XVIII
_zEspaña
_92886
740 0 _aTecnología y arte del vidrio en el siglo XVIII
942 _2lcc
_cB
999 _c760
_d760